Statystyki dla Miasta Polski

Kliknij tutaj aby rozwiązać quiz!

Ogólne statystyki

  • Ten quiz został rozwiązany 10,235 razy
  • Średni wynik to 23 z 39

Statystyki odpowiedzi

Hint Answer % Correct
Warszawa
99%
Kraków
96%
Gdańsk
94%
Wrocław
92%
Poznań
91%
Gdynia
90%
Łódź
88%
Szczecin
87%
Katowice
85%
Lublin
81%
Białystok
80%
Bydgoszcz
76%
Toruń
76%
Rzeszów
72%
Zielona Góra
70%
Opole
68%
Kielce
68%
Radom
64%
Olsztyn
62%
Sosnowiec
60%
Częstochowa
59%
Gorzów Wielkopolski
56%
Gliwice
51%
Zabrze
49%
Płock
41%
Bielsko-Biała
40%
Chorzów
39%
Koszalin
38%
Elbląg
37%
Tarnów
35%
Bytom
33%
Legnica
33%
Kalisz
31%
Wałbrzych
27%
Tychy
26%
Włocławek
25%
Rybnik
24%
Dąbrowa Górnicza
20%
Ruda Śląska
17%

Rozkład punktacji

Percentyl według liczby udzielonych odpowiedzi

Procent ludzi z każdym wynikiem

Twoja historia wyników

Nie rozwiązałeś tego quizu